Engineering drawing/ (Record no. 131239)

MARC details
000 -LEADER
fixed length control field 00697nam a2200241 a 4500
008 - FIXED-LENGTH DATA ELEMENTS--GENERAL INFORMATION
fixed length control field
020 ## - INTERNATIONAL STANDARD BOOK NUMBER
International Standard Book Number 0333374088(pbk.)
049 ## - LOCAL HOLDINGS (OCLC)
Holding library MAIN
090 ## - LOCALLY ASSIGNED LC-TYPE CALL NUMBER (OCLC); LOCAL CALL NUMBER (RLIN)
Classification number (OCLC) (R) ; Classification number, CALL (RLIN) (NR) TA175
Local cutter number (OCLC) ; Book number/undivided call number, CALL (RLIN) OWO
003 - CONTROL NUMBER IDENTIFIER
control field
005 - DATE AND TIME OF LATEST TRANSACTION
control field 20230123122310.0
040 ## - CATALOGING SOURCE
Transcribing agency NUST
100 1# - MAIN ENTRY--PERSONAL NAME
Personal name Owoeye, E.M
245 10 - TITLE STATEMENT
Title Engineering drawing/
Statement of responsibility, etc. E.M. Owoeye and S. E. Smith.
260 ## - PUBLICATION, DISTRIBUTION, ETC.
Place of publication, distribution, etc. 90 Tottenham Court:
Name of publisher, distributor, etc. Macmillan Press Ltd,
Date of publication, distribution, etc. 1984.
300 ## - PHYSICAL DESCRIPTION
Extent iv, 177 p. :
Other physical details ill. ;
Dimensions 22 cm.
650 #0 - SUBJECT ADDED ENTRY--TOPICAL TERM
Topical term or geographic name entry element Engineering drawings.
650 #0 - SUBJECT ADDED ENTRY--TOPICAL TERM
Topical term or geographic name entry element Mechanical drawing.
650 ## - SUBJECT ADDED ENTRY--TOPICAL TERM
Topical term or geographic name entry element Technical drawings
-- Draftsmanship.
700 1# - ADDED ENTRY--PERSONAL NAME
Personal name Smith. E. S.
907 ## - LOCAL DATA ELEMENT G, LDG (RLIN)
a .b10385721
b 06-10-17
c 06-10-17
942 ## - ADDED ENTRY ELEMENTS (KOHA)
Koha item type Ordinary Loan Books
Call number prefix TA175
Call number suffix OWO
Holdings
Date last seen Total Checkouts Full call number Barcode Cost, replacement price Price effective from Koha item type Lost status Source of classification or shelving scheme Damaged status Not for loan Collection Withdrawn status Home library Current library Shelving location Date acquired Cost, normal purchase price
01/23/2023   TA175 OWO 92003008041 80.00 01/23/2023 BOOKS   LCC     NFIC   MAIN MAIN GEN 01/23/2023 80.00